Statistics for Geography - The Roman Empire today

Click here to take the quiz!

General Stats

  • This quiz has been taken 3,216 times
    (3,169 since last reset)
  • The average score is 42 of 49

Answer Stats

Answer% Correct
United Kingdom
98%
France
98%
Italy
98%
Germany
97%
Spain
97%
Egypt
96%
Portugal
95%
Turkey
95%
Greece
95%
Austria
93%
Switzerland
92%
Belgium
91%
Slovenia
90%
Croatia
90%
Algeria
90%
Libya
90%
Israel
90%
Romania
89%
Serbia
89%
Iraq
88%
Syria
88%
Slovakia
88%
Vatican City
88%
Tunisia
88%
Bosnia and Herzegovina
87%
Hungary
87%
Andorra
87%
Macedonia
87%
Morocco
87%
Netherlands
86%
Bulgaria
86%
San Marino
86%
Czech Republic
86%
Jordan
84%
Albania
84%
Saudi Arabia
83%
Montenegro
82%
Monaco
82%
Lebanon
82%
Luxembourg
82%
Malta
82%
Cyprus
80%
Kosovo
80%
Georgia
76%
Armenia
75%
Sudan
70%
Liechtenstein
67%
Azerbaijan
64%
Kuwait
62%

Score Distribution

Percentile by Number Answered

Percent of People with Each Score

Your Score History

You have not taken this quiz since the last reset